|
|
|
|
| LEADER |
00780nam a22002412a 4500 |
| 001 |
000931252 |
| 003 |
CZ BrMZK |
| 005 |
20090224100330.0 |
| 007 |
ta |
| 008 |
090224s1982 xo er|||||||||||slo d |
| 040 |
|
|
|a BOA001
|b cze
|
| 080 |
9 |
|
|a 519.681(075.3)
|
| 080 |
9 |
|
|a 373.5
|
| 100 |
1 |
|
|a Franek, Miloš
|7 jx20040720050
|4 aut
|
| 245 |
1 |
0 |
|a Programovanie :
|b experimentálny učebný text pre 3. ročník gymnázia /
|c Miloš Franek
|
| 250 |
|
|
|a 2. vyd.
|
| 260 |
|
|
|a Bratislava :
|b Slovenské pedagogické nakladateľstvo,
|c 1982
|
| 300 |
|
|
|a 189 s.
|
| 910 |
|
|
|a BOA001
|b 4-0832.913-82
|
| 964 |
|
|
|a Programování - učebnice - školy střední
|
| 990 |
|
|
|a BK
|
| 991 |
|
|
|b 200902
|
| 996 |
6 |
|
|b BC-678569
|c 4-0832.913-82
|l MZK
|r Sklad / do 1 hodiny
|n 0
|w 000931252
|u 000010
|a 1
|e BOA001
|j MZK50
|s P
|